Comparison of three methods for determination of total nitrogen in fertilisers for Hevea (Record no. 56031)

MARC details
000 -LEADER
fixed length control field 00390nam a2200133Ia 4500
100 ## - MAIN ENTRY--AUTHOR NAME
Personal name Lau C H
245 #0 - TITLE STATEMENT
Title Comparison of three methods for determination of total nitrogen in fertilisers for Hevea
260 ## - PUBLICATION, DISTRIBUTION, ETC. (IMPRINT)
Name of publisher Journal of Natural Rubber Research
Year of publication 1994
300 ## - PHYSICAL DESCRIPTION
Number of Pages 33-39
700 ## - ADDED ENTRY--PERSONAL NAME
Personal name Daud Mohd Napi
700 ## - ADDED ENTRY--PERSONAL NAME
Personal name Lim C K
942 ## - ADDED ENTRY ELEMENTS (KOHA)
Koha item type Journals
Holdings
Withdrawn status Lost status Damaged status Not for loan Home library Current library Shelving location Date acquired Serial Enumeration / chronology Koha item type
      Journals RRII Library RRII Library Soils and agonomy 17/12/2021 Volume 9, Issue 1 Journals